Psychology : (Record no. 76851)

MARC details
000 -LEADER
fixed length control field 01368nam a22003377a 4500
005 - DATE AND TIME OF LATEST TRANSACTION
control field 20230726160522.0
010 ## - LCCN (DPL NO)
LC control number 1617EN ENG-107650 ENG-137592
020 ## - INTERNATIONAL STANDARD BOOK NUMBER
International Standard Book Number 9781259097218
Terms of availability 850.00
020 ## - INTERNATIONAL STANDARD BOOK NUMBER
International Standard Book Number 1259097218
Terms of availability 850.00
020 ## - INTERNATIONAL STANDARD BOOK NUMBER
International Standard Book Number 9781259097218
Terms of availability 875.00 (Ashok Vihar)
020 ## - INTERNATIONAL STANDARD BOOK NUMBER
International Standard Book Number 1259097218
Terms of availability 875.00
035 ## - SYSTEM CONTROL NUMBER
System control number B-651824-830
035 ## - SYSTEM CONTROL NUMBER
System control number B-666208
035 ## - SYSTEM CONTROL NUMBER
System control number EN-91183
035 ## - SYSTEM CONTROL NUMBER
System control number EN-121124
037 ## - SOURCE OF ACQUISITION
Source of stock number/acquisition Pragati
Stock number dpl
037 ## - SOURCE OF ACQUISITION
Source of stock number/acquisition DBAD/PUB
082 ## - DEWEY DECIMAL CLASSIFICATION NUMBER
Classification number 150
100 ## - MAIN ENTRY--PERSONAL NAME
Personal name Passer, Michael W.
245 ## - TITLE STATEMENT
Title Psychology :
Statement of responsibility, etc by Michael W. Passer, Ronald E. Smith.
Remainder of title the science of mind and behavior /
250 ## - EDITION STATEMENT
Edition statement 5th ed
260 ## - PUBLICATION, DISTRIBUTION, ETC. (IMPRINT)
Name of publisher, distributor, etc Tata McGraw Hill
Date of publication, distribution, etc 2013
Place of publication, distribution, etc New Delhi
270 ## - ADDRESS
Address P-24, Green Park extnsion
City New Delhi
Postal code 110016
300 ## - PHYSICAL DESCRIPTION
Extent xxxiv, 673, SI-12 p.
Dimensions 28cm(pbk)
Other physical details ill.
500 ## - GENERAL NOTE
General note Includes bibliographical references (p. R-1 and R-51) and indexes.
650 ## - SUBJECT ADDED ENTRY--TOPICAL TERM
Topical term or geographic name as entry element Psychology
Form subdivision Textbooks.
700 ## - ADDED ENTRY--PERSONAL NAME
Personal name Smith, Ronald E
942 ## - ADDED ENTRY ELEMENTS (KOHA)
Source of classification or shelving scheme Dewey Decimal Classification
Item type English Books
Call number suffix PAS
Classification part 150
Holdings
Withdrawn status Lost status Not for loan Collection code Home library Current library Date acquired Source of acquisition Cost, normal purchase price Full call number Barcode Copy number Cost, replacement price Koha item type
      Non-fiction Ashok Vihar Ashok Vihar 04/05/2017 BPPD/EN/2016-17/AV/2016-17/466/15.2.2017/566/28.2.2017/ 10.3.2017 875.00 150 PAS B-666208 1 875.00 English Books
      Non-fiction Central Library Central Library 10/02/2017 BPPD/EN/2016-17/300/24.11.2016/IN339/2.12.2016/4.1.2017 850.00 150 PAS B-651824 1 850.00 English Books
    Not For Loan Non-fiction D.B.Act.Division D.B.Act.Division 21/06/2013 DBAD / PUB 675.00 150 PAS EN-91183 1 675.00 English Books
      Non-fiction Janak Puri Janak Puri 10/02/2017 BPPD/EN/2016-17/300/24.11.2016/IN339/2.12.2016/4.1.2017 850.00 150 PAS B-651827 1 850.00 English Books
      Non-fiction New Police Line New Police Line 10/02/2017 BPPD/EN/2016-17/300/24.11.2016/IN339/2.12.2016/4.1.2017 850.00 150 PAS B-651825 1 850.00 English Books
      Non-fiction Patel Nagar Patel Nagar 10/02/2017 BPPD/EN/2016-17/300/24.11.2016/IN339/2.12.2016/4.1.2017 850.00 150 PAS B-651826 1 850.00 English Books
      Non-fiction Sarojini Nagar Sarojini Nagar 10/02/2017 BPPD/EN/2016-17/300/24.11.2016/IN339/2.12.2016/4.1.2017 850.00 150 PAS B-651828 1 850.00 English Books
      Non-fiction Shahdara Branch Shahdara Branch 10/02/2017 BPPD/EN/2016-17/300/24.11.2016/IN339/2.12.2016/4.1.2017 850.00 150 PAS B-651829 1 850.00 English Books
      Non-fiction Shahdara Branch Shahdara Branch 26/07/2023 DBAD/PUB 850.00 150 PAS EN-121124 1 850.00 English Books
      Non-fiction Yojana Vihar Yojana Vihar 10/02/2017 BPPD/EN/2016-17/300/24.11.2016/IN339/2.12.2016/4.1.2017 850.00 150 PAS B-651830 1 850.00 English Books

© Delhi Public Library
Hit Counter
free hit counter